Districts of Zabul With a Map - Statistics

General Stats
  • This quiz has been taken 13 times
  • The average score is 9 of 11
Answers on the Map
Answers color-coded by a green-red scale on the quiz's map according to % correct below.
 
Answer Stats
District % Correct
Qalat
100%
Argahandab
83%
Atghar
83%
Kakar
83%
Mizan
83%
Naw Bahar
83%
Shinkay
83%
Tarnak Aw Jaldak
83%
Dey Chopan
67%
Shahjoy
67%
Shamulzayi
67%
No matching quizzes found
Score Distribution
Percent of People with Each Score
Percentile by Number Answered
Your Score History
You have not taken this quiz